<?xml version="1.0" encoding="UTF-8"?><?xml-stylesheet type="text/xsl" href="static/style.xsl"?><OAI-PMH xmlns="http://www.openarchives.org/OAI/2.0/" xmlns:xsi="http://www.w3.org/2001/XMLSchema-instance" xsi:schemaLocation="http://www.openarchives.org/OAI/2.0/ http://www.openarchives.org/OAI/2.0/OAI-PMH.xsd"><responseDate>2026-04-30T04:59:47Z</responseDate><request verb="GetRecord" identifier="oai:uvadoc.uva.es:10324/3262" metadataPrefix="marc">https://uvadoc.uva.es/oai/request</request><GetRecord><record><header><identifier>oai:uvadoc.uva.es:10324/3262</identifier><datestamp>2021-06-23T11:46:05Z</datestamp><setSpec>com_10324_1182</setSpec><setSpec>com_10324_931</setSpec><setSpec>com_10324_894</setSpec><setSpec>col_10324_1393</setSpec></header><metadata><record xmlns="http://www.loc.gov/MARC21/slim" xmlns:doc="http://www.lyncode.com/xoai" xmlns:xsi="http://www.w3.org/2001/XMLSchema-instance" xmlns:dcterms="http://purl.org/dc/terms/" xsi:schemaLocation="http://www.loc.gov/MARC21/slim http://www.loc.gov/standards/marcxml/schema/MARC21slim.xsd">
<leader>00925njm 22002777a 4500</leader>
<datafield tag="042" ind1=" " ind2=" ">
<subfield code="a">dc</subfield>
</datafield>
<datafield tag="720" ind1=" " ind2=" ">
<subfield code="a">Sanz Mínguez, Carlos</subfield>
<subfield code="e">author</subfield>
</datafield>
<datafield tag="260" ind1=" " ind2=" ">
<subfield code="c">1993</subfield>
</datafield>
<datafield tag="520" ind1=" " ind2=" ">
<subfield code="a">R</subfield>
</datafield>
<datafield tag="024" ind2=" " ind1="8">
<subfield code="a">Romero Carnicero, Fernando, Sanz Mínguez, Carlos, Escudero Navarro, Zoa (eds.). Arqueología Vaccea. Estudios sobre el mundo prerromano en la cuenca media del Duero, Valladolid : Junta de Castilla y León, Consejería de Cultura y Turismo, 1993, pp. 371-396.</subfield>
</datafield>
<datafield tag="024" ind2=" " ind1="8">
<subfield code="a">84-7846-253-8</subfield>
</datafield>
<datafield tag="024" ind2=" " ind1="8">
<subfield code="a">http://uvadoc.uva.es/handle/10324/3262</subfield>
</datafield>
<datafield tag="024" ind2=" " ind1="8">
<subfield code="a">371</subfield>
</datafield>
<datafield tag="024" ind2=" " ind1="8">
<subfield code="a">396</subfield>
</datafield>
<datafield tag="024" ind2=" " ind1="8">
<subfield code="a">Arqueología Vaccea. Estudios sobre el mundo prerromano en la cuenca media del Duero</subfield>
</datafield>
<datafield ind1=" " ind2=" " tag="653">
<subfield code="a">Vacceos</subfield>
</datafield>
<datafield ind1=" " ind2=" " tag="653">
<subfield code="a">Yacimientos arqueológicos - Padilla de Duero (Valladolid)</subfield>
</datafield>
<datafield ind1=" " ind2=" " tag="653">
<subfield code="a">Necrópolis - España - Valladolid (Provincia)</subfield>
</datafield>
<datafield tag="245" ind1="0" ind2="0">
<subfield code="a">Uso del espacio en la necrópolis celtibérica de Las Ruedas, Padilla de Duero (Valladolid): cuatro tumbas para la definición de una estratigrafía horizontal</subfield>
</datafield>
</record></metadata></record></GetRecord></OAI-PMH>